| 000 | 00811ntm a22002177a 4500 | ||
|---|---|---|---|
| 005 | 20170813152733.0 | ||
| 008 | 170802s2013 xx a frb 000 0 eng d | ||
| 040 |
_aEG-ScBUE _beng _cEG-ScBUE |
||
| 082 | 0 | 4 |
_222 _a621 _bEZZ |
| 100 | 1 | _aEzz EL Din, Mohamed. | |
| 245 | 1 | 0 |
_aMulti-scale models for damage in piezoelectric fiber-based composites / _cby Mohamed Ezz El Din. |
| 260 | _c2013. | ||
| 300 |
_axi, 76 p. : _bill. (col.) ; _c28 cm. |
||
| 500 | _aA dissertation submitted to the faculty of engineering. the British university in Egypt, in partial fulfillment of the requirements for the bachelor degree in mechanical engineering. | ||
| 590 | _abasant mousa | ||
| 650 | 7 |
_2BUEsh _aMechanical Engineering. _vProjects |
|
| 653 |
_bENGMEC _cAugust2017 |
||
| 655 | _vSPRO | ||
| 777 | _ASPRO | ||
| 942 | _2ddc | ||
| 999 |
_c25268 _d25240 |
||